Upper mantle project ; report.

Bibliographic Details
Corporate Author: U.S. Upper Mantle Committee
Format: Journal
Language:English
Published: [Washington, D.C.] : National Academy of Sciences - National Research Council.
Subjects:

MARC

Tag First Indicator Second Indicator Subfields
LEADER 00000cas a2200000 4500
001 in00000305049
005 20151010143115.0
008 790531d19621972dcuuu p 0uuua1eng d
035 |a (OCoLC)05020287 
035 |9 ABH5034AM 
040 |a TXA  |c TXA  |d UtOrBLW 
049 |a TXAE 
090 |a QE509  |b .U9 
110 2 |a U.S. Upper Mantle Committee. 
245 1 0 |a Upper mantle project ;  |b report. 
247 1 0 |a Proposed U.S. program for the international upper mantle project  |f 1962 
247 1 0 |a United States program for the international upper mantle project progress report  |f 1965 
247 1 0 |a Upper mantle project: United States progress report  |f 1967 
247 1 0 |a Upper mantle project: United States program final report  |f 1971 
264 1 |a [Washington, D.C.] :  |b National Academy of Sciences - National Research Council. 
300 |a 11 volumes :  |b maps. 
336 |a text  |b txt  |2 rdacontent 
337 |a unmediated  |b n  |2 rdamedia 
338 |a volume  |b nc  |2 rdacarrier 
362 0 |a 1962-1972. 
610 0 |a International Upper Mantle Project. 
999 |a MARS 
999 f f |s e56eef11-3aa6-3465-bc51-d15e25c2fa8f  |i 1fc2e11b-3373-39d9-b9eb-87386fbcfc02  |t 0 
952 f f |p normal  |a Texas A&M University  |b College Station  |c Sterling C. Evans Library  |d Evans: Library Stacks  |t 0  |e QE509 .U9  |h Library of Congress classification  |i unmediated -- volume  |l 1967  |m A14807394538 
952 f f |p normal  |a Texas A&M University  |b College Station  |c Sterling C. Evans Library  |d Evans: Library Stacks  |t 0  |e QE509 .U9  |h Library of Congress classification  |i unmediated -- volume  |l 1962  |m A14832035020 
998 f f |a QE509 .U9  |s 1962,1965,1967,1971  |t 0  |l Evans: Library Stacks